[Event "Zurich Jubilee Open 2009"]
[Site "Zuerich SUI"]
[Date "2009.08.09"]
[Round "1.5"]
[White "Zak, Uri"]
[Black "Fridman, Daniel"]
[Result "1/2-1/2"]
[WhiteElo "2243"]
[BlackElo "2665"]
[PlyCount "65"]
[EventDate "2009.08.09"]
[EventType "swiss"]
[EventRounds "9"]
[EventCountry "SUI"]
[Source "lmi"]
[SourceDate "2009.08.09"]

1. e4 c6 2. c4 d5 3. cxd5 cxd5 4. exd5 Nf6 5. Qa4+ Nbd7 6. Nc3 g6 7. Nf3 Bg7 8.
Bc4 O-O 9. d3 a6 10. Qa3 Qc7 11. O-O Nb6 12. Qb3 Bg4 13. Be3 Nbd7 14. a4 Bxf3
15. gxf3 Ne5 16. Kg2 Qc8 17. h3 Qf5 18. f4 Nxd3 19. Bxd3 Qxd3 20. Rad1 Qf5 21.
Qxb7 e5 22. fxe5 Ng4 23. d6 Bxe5 24. Qe4 Qxe4+ 25. Nxe4 Nxe3+ 26. fxe3 Rfd8 27.
Rd5 Bxb2 28. Rb1 Ba3 29. Rd3 f5 30. Ng5 h6 31. Nf3 Bxd6 32. Rb6 Bc5 33. Rxg6+
1/2-1/2

[Event "Zurich Jubilee Open 2009"]
[Site "Zuerich SUI"]
[Date "2009.08.09"]
[Round "1.7"]
[White "Schlenker, Joerg"]
[Black "Meier, Georg"]
[Result "0-1"]
[WhiteElo "2238"]
[BlackElo "2658"]
[PlyCount "80"]
[EventDate "2009.08.09"]
[EventType "swiss"]
[EventRounds "9"]
[EventCountry "SUI"]
[Source "lmi"]
[SourceDate "2009.08.09"]

1. d4 e6 2. Nc3 d5 3. Nf3 Nf6 4. Bg5 Nbd7 5. e3 h6 6. Bh4 c5 7. Bd3 c4 8. Be2
Bb4 9. O-O Bxc3 10. bxc3 Qa5 11. Nd2 Qxc3 12. Bg3 O-O 13. Bd6 Re8 14. Rb1 Qa5
15. f4 Nb6 16. Bb4 Qa4 17. Rf3 Qc6 18. c3 a5 19. Ba3 Na4 20. Qc2 b5 21. Bc1 Bd7
22. a3 Reb8 23. g4 Nxg4 24. e4 dxe4 25. Nxe4 f5 26. Nd2 Qc7 27. Rg3 Nf6 28. Qd1
Bc6 29. Qe1 Qd6 30. Bd1 Nb6 31. Nf3 Ne4 32. Rh3 Nd7 33. Ne5 Nxe5 34. fxe5 Qe7
35. Rb2 b4 36. cxb4 axb4 37. axb4 Ra1 38. Bxh6 gxh6 39. Rxh6 Qg7+ 40. Rg2 Ng5
0-1

[Event "Zurich Jubilee Open 2009"]
[Site "Zuerich SUI"]
[Date "2009.08.09"]
[Round "1.8"]
[White "Roiz, Michael"]
[Black "Antognini, Francesco"]
[Result "1-0"]
[WhiteElo "2658"]
[BlackElo "2236"]
[PlyCount "45"]
[EventDate "2009.08.09"]
[EventType "swiss"]
[EventRounds "9"]
[EventCountry "SUI"]
[Source "lmi"]
[SourceDate "2009.08.09"]

1. Nf3 e6 2. g3 Nf6 3. Bg2 d5 4. O-O c5 5. c4 d4 6. d3 Nc6 7. e3 Be7 8. exd4
cxd4 9. Na3 O-O 10. Nc2 Re8 11. Re1 Bf8 12. Rb1 a5 13. Bf4 Nd7 14. Ncxd4 Nxd4
15. Nxd4 e5 16. Nb5 exf4 17. Rxe8 Qxe8 18. Nc7 Qe5 19. Nxa8 Qb8 20. Qe2 Qxa8
21. Qe8 Nb6 22. Qd8 Nd7 23. Re1 1-0

[Event "Zurich Jubilee Open 2009"]
[Site "Zuerich SUI"]
[Date "2009.08.09"]
[Round "1.9"]
[White "Heinatz, Dr. Gundula"]
[Black "Fedorchuk, Sergey A"]
[Result "0-1"]
[WhiteElo "2232"]
[BlackElo "2655"]
[PlyCount "96"]
[EventDate "2009.08.09"]
[EventType "swiss"]
[EventRounds "9"]
[EventCountry "SUI"]
[Source "lmi"]
[SourceDate "2009.08.09"]

1. Nf3 Nf6 2. g3 b5 3. Bg2 Bb7 4. d3 c5 5. e4 d6 6. Nc3 b4 7. Ne2 Nbd7 8. O-O
g6 9. Nh4 Qb6 10. h3 Bg7 11. Kh2 d5 12. f3 c4 13. a3 b3 14. dxc4 dxc4 15. Nc3
Rd8 16. Qe2 bxc2 17. Qxc2 O-O 18. f4 e5 19. f5 Nc5 20. Be3 Qc6 21. Nd5 Qa4 22.
Qxa4 Nxa4 23. Ne7+ Kh8 24. Rf2 Rfe8 25. Nd5 Nxe4 26. Bxe4 Bxd5 27. Bxd5 Rxd5
28. Bxa7 Bh6 29. Ng2 gxf5 30. Ne3 Bxe3 31. Bxe3 Rb8 32. Rxf5 Rxb2+ 33. Kg1 Rb3
34. Re1 Kg8 35. Kf2 Nb2 36. Bh6 Rd6 37. Rg5+ Rg6 38. Rxg6+ hxg6 39. Kg2 f6 40.
Rf1 Kh7 41. Bf8 f5 42. a4 c3 43. a5 Nd3 44. a6 Rb2+ 45. Kf3 Ra2 46. Rb1 c2 47.
Rb7+ Kg8 48. Bh6 e4+ 0-1

[Event "Zurich Jubilee Open 2009"]
[Site "Zuerich SUI"]
[Date "2009.08.09"]
[Round "1.10"]
[White "Areshchenko, Alexander"]
[Black "Gattenloehner, Sebastian"]
[Result "1-0"]
[WhiteElo "2651"]
[BlackElo "2231"]
[PlyCount "75"]
[EventDate "2009.08.09"]
[EventType "swiss"]
[EventRounds "9"]
[EventCountry "SUI"]
[Source "lmi"]
[SourceDate "2009.08.09"]

1. e4 c5 2. Nf3 e6 3. d4 cxd4 4. Nxd4 a6 5. Nc3 b5 6. Bd3 Qb6 7. Nf3 Nc6 8. e5
Qb8 9. O-O Nxe5 10. Nxe5 Qxe5 11. Qf3 Qb8 12. Bf4 Bb7 13. Be4 Bxe4 14. Nxe4 Qc8
15. Bd6 Qc6 16. Rad1 Nf6 17. Nxf6+ gxf6 18. Qxf6 Rg8 19. Bg3 h5 20. Qh4 Be7 21.
Qxh5 Qxc2 22. Rfe1 Rc8 23. Qf3 d5 24. Be5 Rc4 25. g3 Rg5 26. b3 Rc8 27. Bf4 Rf5
28. Qg4 Bc5 29. Rd2 Qxd2 30. Bxd2 Bxf2+ 31. Kf1 Bxe1+ 32. Kxe1 Rc2 33. Qg8+ Kd7
34. g4 Rf3 35. Ke2 Rf6 36. Qg7 Ke7 37. Qg5 d4 38. Kd3 1-0

[Event "Zurich Jubilee Open 2009"]
[Site "Zuerich SUI"]
[Date "2009.08.09"]
[Round "1.11"]
[White "Botta, Gabriele"]
[Black "Avrukh, Boris"]
[Result "0-1"]
[WhiteElo "2228"]
[BlackElo "2641"]
[PlyCount "82"]
[EventDate "2009.08.09"]
[EventType "swiss"]
[EventRounds "9"]
[EventCountry "SUI"]
[Source "lmi"]
[SourceDate "2009.08.09"]

1. e4 c5 2. Nf3 e6 3. d4 cxd4 4. Nxd4 a6 5. Bd3 Bc5 6. Nb3 Be7 7. O-O d6 8. Nc3
Nf6 9. a4 b6 10. Be3 Nbd7 11. Qe2 Bb7 12. f3 Qc7 13. Qf2 O-O 14. Kh1 Rfe8 15.
Nd4 Bf8 16. Rfd1 g6 17. Be2 d5 18. exd5 Bxd5 19. Nb3 Bg7 20. Rd2 Qb7 21. Rad1
Rec8 22. Nxd5 Nxd5 23. c4 Nxe3 24. Qxe3 Ne5 25. c5 bxc5 26. f4 c4 27. Nc5 Qa7
28. fxe5 Rxc5 29. Rd8+ Rxd8 30. Rxd8+ Bf8 31. Re8 Kg7 32. Qg5 Qc7 33. Qf6+ Kg8
34. Rxf8+ Kxf8 35. Qh8+ Ke7 36. Qf6+ Ke8 37. Qh8+ Kd7 38. Qf8 Kc6 39. Qa8+ Kb6
40. b4 Rxe5 41. Qf3 Ka7 0-1

[Event "Zurich Jubilee Open 2009"]
[Site "Zuerich SUI"]
[Date "2009.08.09"]
[Round "1.12"]
[White "Kuzubov, Yuriy"]
[Black "Haas, Carmi"]
[Result "1-0"]
[WhiteElo "2635"]
[BlackElo "2223"]
[PlyCount "97"]
[EventDate "2009.08.09"]
[EventType "swiss"]
[EventRounds "9"]
[EventCountry "SUI"]
[Source "lmi"]
[SourceDate "2009.08.09"]

1. d4 d5 2. c4 c6 3. Nf3 Nf6 4. e3 Bg4 5. Nc3 e6 6. h3 Bxf3 7. Qxf3 Nbd7 8. Bd3
Be7 9. Bd2 c5 10. cxd5 cxd4 11. exd4 exd5 12. Nxd5 Nxd5 13. Qxd5 O-O 14. O-O
Nc5 15. Bc4 Qxd5 16. Bxd5 Rad8 17. Bf3 Rxd4 18. Be3 Rd7 19. Rfd1 Rfd8 20. Rxd7
Rxd7 21. b4 Ne6 22. a3 b6 23. Rc1 Kf8 24. Rc8+ Rd8 25. Rxd8+ Bxd8 26. Bd5 Bc7
27. g3 Ke7 28. Kf1 Be5 29. Bc1 f5 30. Ke2 Kd6 31. Ba2 f4 32. g4 Ng5 33. h4 Ne6
34. Kd3 h6 35. Bxe6 Kxe6 36. Ke4 g5 37. hxg5 hxg5 38. a4 Bc3 39. b5 Bf6 40. Bd2
Bd8 41. Bc3 Bc7 42. Bd4 Bb8 43. f3 Bc7 44. Bc3 Bb8 45. a5 Bc7 46. axb6 axb6 47.
Bd4 Bd8 48. Be5 Be7 49. Bc7 1-0

[Event "Zurich Jubilee Open 2009"]
[Site "Zuerich SUI"]
[Date "2009.08.09"]
[Round "1.13"]
[White "Kauch, Markus"]
[Black "Mikhalevski, Victor"]
[Result "0-1"]
[WhiteElo "2219"]
[BlackElo "2631"]
[PlyCount "62"]
[EventDate "2009.08.09"]
[EventType "swiss"]
[EventRounds "9"]
[EventCountry "SUI"]
[Source "lmi"]
[SourceDate "2009.08.09"]

1. Nf3 Nf6 2. g3 g6 3. Bg2 Bg7 4. O-O O-O 5. d3 d5 6. Nbd2 Nc6 7. e4 e5 8. c3
a5 9. h3 h6 10. exd5 Nxd5 11. Re1 Nb6 12. Ne4 Rb8 13. Be3 Nd5 14. Bc5 Re8 15.
Qa4 Bd7 16. Qb3 Be6 17. c4 Nde7 18. Rad1 Nf5 19. g4 Nfd4 20. Bxd4 Nxd4 21. Nxd4
Qxd4 22. Qa3 b6 23. Qc3 Qd7 24. Ng3 Rbd8 25. Qc2 Qe7 26. a3 Qh4 27. Qe2 Rd7 28.
b4 axb4 29. axb4 Red8 30. c5 b5 31. c6 Rd4 0-1

[Event "Zurich Jubilee Open 2009"]
[Site "Zuerich SUI"]
[Date "2009.08.09"]
[Round "1.15"]
[White "Drechsler, Christoph"]
[Black "Gharamian, Tigran"]
[Result "0-1"]
[WhiteElo "2211"]
[BlackElo "2615"]
[PlyCount "62"]
[EventDate "2009.08.09"]
[EventType "swiss"]
[EventRounds "9"]
[EventCountry "SUI"]
[Source "lmi"]
[SourceDate "2009.08.09"]

1. d4 e6 2. Nf3 c5 3. e3 b6 4. Bd3 Bb7 5. Nbd2 Nf6 6. O-O Be7 7. e4 cxd4 8. e5
Nd5 9. Nxd4 O-O 10. Be4 Qc8 11. c4 Nb4 12. a3 N4c6 13. N4f3 Qc7 14. Re1 d6 15.
exd6 Qxd6 16. Qe2 Nd7 17. Bc2 Nd4 18. Nxd4 Qxd4 19. Nb3 Qh4 20. Rd1 Rfd8 21.
Rd4 Qf6 22. Rf4 Qe5 23. Be3 Nf8 24. Rg4 Ng6 25. Rb1 Rac8 26. Rg3 f5 27. Qh5
Rxc4 28. f4 Nxf4 29. Bxf4 Rxf4 30. Rh3 h6 31. Bd3 Rg4 0-1

[Event "Zurich Jubilee Open 2009"]
[Site "Zuerich SUI"]
[Date "2009.08.09"]
[Round "1.16"]
[White "Bauer, Christian"]
[Black "Schmid, Michael"]
[Result "1-0"]
[WhiteElo "2602"]
[BlackElo "2210"]
[PlyCount "81"]
[EventDate "2009.08.09"]
[EventType "swiss"]
[EventRounds "9"]
[EventCountry "SUI"]
[Source "lmi"]
[SourceDate "2009.08.09"]

1. b3 Nf6 2. Bb2 g6 3. Bxf6 exf6 4. c4 Bg7 5. Nc3 f5 6. e3 d6 7. Nge2 Nd7 8. g3
Nf6 9. Bg2 O-O 10. d3 c6 11. Rb1 a5 12. O-O h5 13. d4 h4 14. gxh4 Ng4 15. h3
Nh6 16. h5 Qh4 17. hxg6 fxg6 18. Nf4 Kh7 19. Na4 Bf6 20. Nb6 Rb8 21. Nxc8 Rbxc8
22. Qf3 g5 23. Nd3 Rcd8 24. b4 Rg8 25. Qg3 Qh5 26. bxa5 Rg7 27. Rb3 g4 28. Nf4
Qf7 29. Rfb1 Rd7 30. a6 gxh3 31. Qxh3 bxa6 32. d5 cxd5 33. Nxd5 Rg4 34. Rb7 Bg7
35. Rxd7 Qxd7 36. e4 fxe4 37. Ne3 Kg8 38. Rb8+ Kf7 39. Nxg4 Nxg4 40. Bxe4 Nf6
41. Rb7 1-0

[Event "Zurich Jubilee Open 2009"]
[Site "Zuerich SUI"]
[Date "2009.08.09"]
[Round "1.17"]
[White "Borner, Daniel"]
[Black "Golod, Vitali"]
[Result "0-1"]
[WhiteElo "2208"]
[BlackElo "2599"]
[PlyCount "82"]
[EventDate "2009.08.09"]
[EventType "swiss"]
[EventRounds "9"]
[EventCountry "SUI"]
[Source "lmi"]
[SourceDate "2009.08.09"]

1. e4 c5 2. Nf3 Nc6 3. d4 cxd4 4. Nxd4 Qb6 5. Nb3 Nf6 6. Nc3 e6 7. Bd3 a6 8.
O-O Be7 9. Be3 Qc7 10. f4 O-O 11. e5 Ne8 12. Bxh7+ Kxh7 13. Qh5+ Kg8 14. Rf3 f5
15. Rh3 b5 16. Qh7+ Kf7 17. Qh5+ Kg8 18. Qh7+ Kf7 19. Qh5+ g6 20. Qh7+ Ng7 21.
Rh6 Rg8 22. Rxg6 Qd8 23. g4 Qf8 24. gxf5 Rh8 25. Rf6+ Bxf6 26. Qg6+ Kg8 27. Ne4
Bd8 28. f6 Ne7 29. fxe7 Bxe7 30. Bc5 Qf5 31. Qg2 Bb7 32. Nf6+ Qxf6 33. Qxb7
Qg6+ 34. Kh1 Re8 35. Rg1 Qxc2 36. Rg2 Qb1+ 37. Bg1 Kf7 38. Qxd7 Nf5 39. Nc5
Rxh2+ 40. Rxh2 Ng3+ 41. Kg2 Qf1+ 0-1

[Event "Zurich Jubilee Open 2009"]
[Site "Zuerich SUI"]
[Date "2009.08.09"]
[Round "1.18"]
[White "Safarli, Eltaj"]
[Black "Franchini, Gabriele"]
[Result "1-0"]
[WhiteElo "2597"]
[BlackElo "2206"]
[PlyCount "95"]
[EventDate "2009.08.09"]
[EventType "swiss"]
[EventRounds "9"]
[EventCountry "SUI"]
[Source "lmi"]
[SourceDate "2009.08.09"]

1. e4 e6 2. d4 d5 3. exd5 exd5 4. c4 Bb4+ 5. Nc3 Ne7 6. Nf3 O-O 7. Be2 dxc4 8.
Bxc4 Bg4 9. O-O Nbc6 10. Be3 Nf5 11. Qd3 Nd6 12. Bd5 Bf5 13. Qd1 Ne7 14. Bb3 c6
15. Bg5 Ne4 16. Bh4 Qa5 17. Ne5 Ng6 18. Qh5 Nd6 19. Bg3 Rae8 20. Qf3 Be6 21. h4
Nxe5 22. dxe5 Nf5 23. Ne4 Nd4 24. Qh5 Be7 25. Bxe6 fxe6 26. Rad1 Rd8 27. Qg4
Nf5 28. a3 Rd5 29. Nc3 Rxd1 30. Rxd1 Rd8 31. Re1 Rd4 32. Re4 Rxe4 33. Nxe4 Qd8
34. h5 Kh8 35. Kh2 Qd4 36. Qe2 Nxg3 37. Nxg3 Kg8 38. Kg1 a6 39. Nf1 Bd8 40. Nh2
Bc7 41. Ng4 c5 42. h6 gxh6 43. Nf6+ Kg7 44. Ne8+ Kf8 45. Nxc7 Qd7 46. Qf3+ Kg8
47. Qg4+ Kf7 48. Qh5+ 1-0

[Event "Zurich Jubilee Open 2009"]
[Site "Zuerich SUI"]
[Date "2009.08.09"]
[Round "1.19"]
[White "Barthel, Ansgar"]
[Black "Sandipan, Chanda"]
[Result "0-1"]
[WhiteElo "2206"]
[BlackElo "2585"]
[PlyCount "76"]
[EventDate "2009.08.09"]
[EventType "swiss"]
[EventRounds "9"]
[EventCountry "SUI"]
[Source "lmi"]
[SourceDate "2009.08.09"]

1. e4 c5 2. b3 Nf6 3. e5 Nd5 4. Bb2 e6 5. Nf3 Be7 6. c4 Nc7 7. Nc3 O-O 8. Ne4
d5 9. exd6 Bxd6 10. d4 cxd4 11. Nxd6 Qxd6 12. Qxd4 Qxd4 13. Bxd4 Nc6 14. O-O-O
f6 15. Be2 e5 16. Bc3 Ne6 17. g3 Nc5 18. Nd2 a5 19. f3 Nb4 20. Bxb4 axb4 21.
Kb2 Bd7 22. Nf1 Ra3 23. Ne3 Rfa8 24. Ra1 Na4+ 25. Kc1 Nc3 26. Bd3 Rxb3 27. Bc2
Rba3 28. Kb2 Na4+ 29. Bxa4 Bxa4 30. Nd5 Rxf3 31. Rhf1 Rxf1 32. Rxf1 Rd8 33. Rf2
Be8 34. Nxb4 Rd4 35. Kc3 Bf7 36. Nd5 Bxd5 37. cxd5 Rxd5 38. Kc4 Rd7 0-1

[Event "Zurich Jubilee Open 2009"]
[Site "Zuerich SUI"]
[Date "2009.08.09"]
[Round "1.20"]
[White "Hou, Yifan"]
[Black "Csajka, Felix"]
[Result "1-0"]
[WhiteElo "2584"]
[BlackElo "2204"]
[PlyCount "81"]
[EventDate "2009.08.09"]
[EventType "swiss"]
[EventRounds "9"]
[EventCountry "SUI"]
[Source "lmi"]
[SourceDate "2009.08.09"]

1. e4 c5 2. Nc3 a6 3. Nf3 d6 4. d4 cxd4 5. Nxd4 Nf6 6. f4 e6 7. Qf3 Qb6 8. Nb3
Qc7 9. a4 b6 10. Bd3 Bb7 11. O-O Nc6 12. Bd2 Be7 13. Rae1 O-O 14. Qh3 g6 15. f5
exf5 16. exf5 Ne5 17. Bg5 Rae8 18. Bh6 Nfg4 19. Bxf8 Bxf8 20. Qg3 Bg7 21. Be4
Nf6 22. Bxb7 Qxb7 23. Qh4 Rf8 24. fxg6 fxg6 25. Ne4 Qe7 26. Nd4 h6 27. Nxf6+
Rxf6 28. Rxf6 Qxf6 29. Qxf6 Bxf6 30. b3 Kf7 31. h3 h5 32. Kf2 Bg5 33. Nf3 Bf6
34. Nxe5+ Bxe5 35. Kf3 Ke6 36. Ke4 d5+ 37. Kd3 a5 38. Rf1 Bf6 39. c4 Be5 40.
Rf8 g5 41. Re8+ 1-0

[Event "Zurich Jubilee Open 2009"]
[Site "Zuerich SUI"]
[Date "2009.08.09"]
[Round "1.22"]
[White "Aswathy, Balagopalan"]
[Black "Nuri, Kambez"]
[Result "1-0"]
[WhiteElo "1941"]
[BlackElo "2198"]
[PlyCount "71"]
[EventDate "2009.08.09"]
[EventType "swiss"]
[EventRounds "9"]
[EventCountry "SUI"]
[Source "lmi"]
[SourceDate "2009.08.09"]

1. e4 e5 2. Nf3 Nc6 3. Bb5 g6 4. c3 a6 5. Ba4 d6 6. d4 Bd7 7. Bg5 f6 8. Be3 Nh6
9. O-O Nf7 10. Bb3 Qe7 11. c4 Na5 12. Nc3 Nxb3 13. Nd5 Qd8 14. Qxb3 Rb8 15.
Rac1 b6 16. Qc2 Bg7 17. c5 bxc5 18. dxc5 O-O 19. cxd6 cxd6 20. Nd2 f5 21. f3
Bh6 22. Bxh6 Nxh6 23. Qc7 Bb5 24. Qxd8 Rfxd8 25. Rfe1 Kf7 26. Rc7+ Rd7 27. Rec1
Ke6 28. b3 fxe4 29. fxe4 Rbd8 30. a4 Be2 31. h3 g5 32. g4 a5 33. Rxd7 Rxd7 34.
Kf2 Bxg4 35. hxg4 Nxg4+ 36. Kg3 1-0

[Event "Zurich Jubilee Open 2009"]
[Site "Zuerich SUI"]
[Date "2009.08.09"]
[Round "1.24"]
[White "Jussupow, Artur"]
[Black "Weiler, Dieter"]
[Result "1/2-1/2"]
[WhiteElo "2570"]
[BlackElo "2195"]
[PlyCount "124"]
[EventDate "2009.08.09"]
[EventType "swiss"]
[EventRounds "9"]
[EventCountry "SUI"]
[Source "lmi"]
[SourceDate "2009.08.09"]

1. d4 d5 2. c4 e6 3. Nc3 Nf6 4. cxd5 exd5 5. Bg5 Be7 6. e3 O-O 7. Bd3 Nbd7 8.
Nf3 Re8 9. Qc2 Nf8 10. O-O c6 11. Rae1 Ne4 12. Bxe7 Qxe7 13. Bxe4 dxe4 14. Nd2
f5 15. f3 exf3 16. Nxf3 Be6 17. e4 fxe4 18. Rxe4 Ng6 19. Qe2 Qd7 20. Ng5 Bd5
21. Qh5 h6 22. Nxd5 cxd5 23. Qxg6 hxg5 24. Rxe8+ Rxe8 25. Qxg5 Re4 26. Rd1 Qe6
27. h3 Re2 28. Rd2 Re1+ 29. Kf2 Re4 30. Rd3 Re2+ 31. Kg1 Rxb2 32. Re3 Rb1+ 33.
Kh2 Qd6+ 34. Rg3 Qd7 35. Qe5 Rb6 36. Rg5 Ra6 37. Qb8+ Kh7 38. Rh5+ Kg6 39. Qh8
Kf7 40. Rg5 Qc7+ 41. Re5 Re6 42. Qh5+ Kg8 43. Qf5 Rxe5 44. dxe5 d4 45. Kg3 d3
46. Qxd3 Qxe5+ 47. Kf3 Qf6+ 48. Kg4 Qe6+ 49. Qf5 Qxa2 50. Qc8+ Kh7 51. Qxb7
Qc4+ 52. Kg5 Qc5+ 53. Kf4 a5 54. Qd7 Qf2+ 55. Ke5 Qe3+ 56. Kf5 Qf2+ 57. Ke5
Qe2+ 58. Kf4 Qxg2 59. Qf5+ g6 60. Qf7+ Kh6 61. Qf8+ Kh7 62. Qf7+ Kh6 1/2-1/2

[Event "Zurich Jubilee Open 2009"]
[Site "Zuerich SUI"]
[Date "2009.08.10"]
[Round "2.2"]
[White "Jackova, Jana"]
[Black "Miroshnichenko, Evgenij"]
[Result "0-1"]
[WhiteElo "2396"]
[BlackElo "2696"]
[PlyCount "72"]
[EventDate "2009.08.09"]
[EventType "swiss"]
[EventRounds "9"]
[EventCountry "SUI"]
[Source "lmi"]
[SourceDate "2009.08.09"]

1. e4 Nf6 2. e5 Nd5 3. d4 d6 4. Nf3 dxe5 5. Nxe5 c6 6. Bc4 g6 7. O-O Bg7 8. c3
O-O 9. Nd2 Be6 10. Bb3 Nd7 11. Nef3 a5 12. Re1 Bf5 13. Nf1 N7b6 14. a3 a4 15.
Ba2 Bg4 16. h3 Bxf3 17. Qxf3 e6 18. Bd2 Qc7 19. Rad1 Nd7 20. Ne3 Nxe3 21. Bxe3
Ra5 22. Bf4 Qb6 23. Rd2 c5 24. dxc5 Nxc5 25. Bd6 Rd8 26. Red1 Nb3 27. Rd3 Nd4
28. cxd4 Qxd6 29. d5 e5 30. Qe2 Rc5 31. Qe1 Rdc8 32. Qb4 b5 33. Rc3 Bf8 34.
Rxc5 Rxc5 35. Qd2 Kg7 36. Qd3 Be7 0-1

[Event "Zurich Jubilee Open 2009"]
[Site "Zuerich SUI"]
[Date "2009.08.10"]
[Round "2.4"]
[White "Hochstrasser, Michael"]
[Black "Sutovsky, Emil"]
[Result "0-1"]
[WhiteElo "2386"]
[BlackElo "2675"]
[PlyCount "56"]
[EventDate "2009.08.09"]
[EventType "swiss"]
[EventRounds "9"]
[EventCountry "SUI"]
[Source "lmi"]
[SourceDate "2009.08.09"]

1. d4 Nf6 2. c4 g6 3. Nc3 d5 4. Nf3 Bg7 5. cxd5 Nxd5 6. Bg5 c5 7. Rc1 Nxc3 8.
bxc3 O-O 9. Qd2 Bg4 10. e3 Bxf3 11. gxf3 Nc6 12. Bg2 Qd5 13. Bh4 e5 14. dxe5
Qc4 15. f4 Nxe5 16. fxe5 Qxh4 17. O-O Rad8 18. Qe2 Bxe5 19. f4 Bc7 20. Bxb7
Rfe8 21. Rc2 Re7 22. Qf3 c4 23. Kh1 Bb6 24. Bd5 Rxe3 25. Qg2 Re1 26. Rc1 Rxc1
27. Rxc1 Be3 28. Rb1 Bxf4 0-1

[Event "Zurich Jubilee Open 2009"]
[Site "Zuerich SUI"]
[Date "2009.08.10"]
[Round "2.6"]
[White "Meier, Georg"]
[Black "Donchenko, Anatoly"]
[Result "1-0"]
[WhiteElo "2658"]
[BlackElo "2381"]
[PlyCount "63"]
[EventDate "2009.08.09"]
[EventType "swiss"]
[EventRounds "9"]
[EventCountry "SUI"]
[Source "lmi"]
[SourceDate "2009.08.09"]

1. e4 d6 2. d4 Nf6 3. Nc3 g6 4. Be3 c6 5. Nf3 Bg7 6. Bd3 O-O 7. O-O Qc7 8. h3
Nbd7 9. a4 a5 10. Nd2 e5 11. Nc4 exd4 12. Bxd4 Nc5 13. e5 Nfd7 14. exd6 Qd8 15.
Be2 Ne6 16. Bxg7 Kxg7 17. Re1 Ndc5 18. Qd2 Bd7 19. Rad1 Qf6 20. Bf1 Rfd8 21.
Qe3 h5 22. Nb6 Rab8 23. Bc4 Qf5 24. Ne4 Nxe4 25. Qxe4 Nf8 26. Qe5+ Qf6 27. Qxa5
Qxb2 28. c3 Be6 29. Re2 Qa3 30. Ra2 Qxa2 31. Bxa2 Bxa2 32. c4 1-0

[Event "Zurich Jubilee Open 2009"]
[Site "Zuerich SUI"]
[Date "2009.08.10"]
[Round "2.7"]
[White "Novichkov, Valery"]
[Black "Roiz, Michael"]
[Result "0-1"]
[WhiteElo "2377"]
[BlackElo "2658"]
[PlyCount "148"]
[EventDate "2009.08.09"]
[EventType "swiss"]
[EventRounds "9"]
[EventCountry "SUI"]
[Source "lmi"]
[SourceDate "2009.08.09"]

1. e4 c6 2. d4 d5 3. Nc3 dxe4 4. Nxe4 Nd7 5. Bc4 Ndf6 6. Ng5 e6 7. Ne2 Bd6 8.
O-O Qc7 9. Ng3 h6 10. Nf3 Ne7 11. Re1 O-O 12. Bb3 b6 13. Qe2 c5 14. dxc5 bxc5
15. Ne5 Nc6 16. Nxc6 Qxc6 17. Ne4 Be7 18. Nxf6+ Bxf6 19. c3 Bb7 20. Qg4 h5 21.
Qh3 Rfd8 22. Bf4 Rd3 23. Be3 Rad8 24. Bc2 R3d7 25. Rad1 Rxd1 26. Bxd1 h4 27.
Bf3 Qb5 28. Bxb7 Qxb7 29. Bxc5 Qxb2 30. Bxa7 Qxa2 31. Bb6 Rc8 32. Bd4 Qd2 33.
Qe3 Qxe3 34. Bxe3 Rxc3 35. h3 Rc4 36. Rc1 Ra4 37. Kf1 Kh7 38. Ke2 Kg6 39. Kd3
Bg5 40. Bxg5 Kxg5 41. Rc7 Kf6 42. Ke3 g5 43. Rb7 Kg6 44. Re7 Ra1 45. Kf3 Rg1
46. Re8 Kf5 47. Re7 f6 48. Ra7 e5 49. Ra5 Kg6 50. Ra6 Re1 51. g4 hxg3 52. Kxg3
e4 53. Rb6 Rg1+ 54. Kh2 Rd1 55. Kg3 Rd3+ 56. Kg2 Kf5 57. Ra6 Ke5 58. Ra5+ Rd5
59. Ra6 Rd3 60. Rb6 f5 61. Rb5+ Rd5 62. Rb2 Kf4 63. Ra2 Ke5 64. Kg3 Rd3+ 65.
Kg2 f4 66. Ra5+ Rd5 67. Ra2 Kf5 68. Rb2 Rd1 69. Rb5+ Kg6 70. Re5 Re1 71. Re8
Kf7 72. Re5 Kf6 73. Re8 Kf5 74. Rf8+ Ke5 0-1

[Event "Zurich Jubilee Open 2009"]
[Site "Zuerich SUI"]
[Date "2009.08.10"]
[Round "2.8"]
[White "Fedorchuk, Sergey A"]
[Black "Ganor, Dotan"]
[Result "1-0"]
[WhiteElo "2655"]
[BlackElo "2369"]
[PlyCount "97"]
[EventDate "2009.08.09"]
[EventType "swiss"]
[EventRounds "9"]
[EventCountry "SUI"]
[Source "lmi"]
[SourceDate "2009.08.09"]

1. e4 c5 2. Nf3 d6 3. d4 cxd4 4. Nxd4 Nf6 5. Nc3 a6 6. Be2 e5 7. Nb3 Be7 8. Be3
Be6 9. Nd5 Nxd5 10. exd5 Bf5 11. Qd2 O-O 12. a4 Nd7 13. a5 h6 14. O-O Bg5 15.
f4 exf4 16. Bxf4 Bg6 17. Nd4 Ne5 18. c4 Bxf4 19. Rxf4 Re8 20. h4 Rc8 21. b3 Qe7
22. Raf1 Rf8 23. Qc3 Nd3 24. R4f3 Ne5 25. Rh3 Rfe8 26. Qd2 Rc7 27. Qf4 Bh7 28.
Re3 Qd8 29. Bh5 Bg6 30. Be2 Rce7 31. Rg3 Kh8 32. h5 Bh7 33. Bg4 Nd3 34. Qd2 Re4
35. Nf5 Ne5 36. Nxh6 gxh6 37. Bf5 Rh4 38. Qxh6 Ng6 39. Bxg6 fxg6 40. Rf7 Re1+
41. Kf2 Re2+ 42. Kf3 Qg8 43. Rxh7+ Qxh7 44. Qf8+ Qg8 45. Qxg8+ Kxg8 46. Rxg6+
Kf7 47. Kxe2 Rxh5 48. Rxd6 Rg5 49. Kf3 1-0

[Event "Zurich Jubilee Open 2009"]
[Site "Zuerich SUI"]
[Date "2009.08.10"]
[Round "2.9"]
[White "Rahal, Michael A"]
[Black "Areshchenko, Alexander"]
[Result "0-1"]
[WhiteElo "2367"]
[BlackElo "2651"]
[PlyCount "82"]
[EventDate "2009.08.09"]
[EventType "swiss"]
[EventRounds "9"]
[EventCountry "SUI"]
[Source "lmi"]
[SourceDate "2009.08.09"]

1. e4 c5 2. Nf3 d6 3. d4 cxd4 4. Nxd4 Nf6 5. Nc3 a6 6. h3 e5 7. Nde2 h5 8. Bg5
Be6 9. Ng3 Nbd7 10. Be2 g6 11. Qd2 Rc8 12. f3 Be7 13. h4 Qa5 14. Nf1 d5 15.
Nxd5 Qxd2+ 16. Nxd2 Bxd5 17. exd5 Nxd5 18. Bxe7 Kxe7 19. c3 Nc5 20. Kf2 Nf4 21.
g3 Rhd8 22. Ne4 Ncd3+ 23. Bxd3 Nxd3+ 24. Ke2 f5 25. Ng5 Nxb2 26. Rab1 Na4 27.
Rxb7+ Rd7 28. Rxd7+ Kxd7 29. Kd2 Rxc3 30. Rb1 Ra3 31. Rb7+ Kc6 32. Rg7 Rxa2+
33. Ke3 Nb2 34. Rxg6+ Kd5 35. Rh6 Nc4+ 36. Kd3 e4+ 37. fxe4+ fxe4+ 38. Kc3 e3
39. Rxh5 e2 40. Nf3+ Ke4 41. Ne1 Ra1 0-1

[Event "Zurich Jubilee Open 2009"]
[Site "Zuerich SUI"]
[Date "2009.08.10"]
[Round "2.11"]
[White "Mensch, Etienne"]
[Black "Kuzubov, Yuriy"]
[Result "0-1"]
[WhiteElo "2357"]
[BlackElo "2635"]
[PlyCount "108"]
[EventDate "2009.08.09"]
[EventType "swiss"]
[EventRounds "9"]
[EventCountry "SUI"]
[Source "lmi"]
[SourceDate "2009.08.09"]

1. Nf3 Nf6 2. d4 e6 3. c4 Bb4+ 4. Bd2 a5 5. Nc3 b6 6. g3 Bb7 7. Bg2 O-O 8. O-O
d6 9. Rc1 Nbd7 10. Bg5 Bxc3 11. Rxc3 h6 12. Bxf6 Nxf6 13. Ne1 Bxg2 14. Nxg2 Qe7
15. Qd3 e5 16. Ne3 e4 17. Qc2 c6 18. Qa4 Rfc8 19. a3 g6 20. Qc2 a4 21. b3 axb3
22. Rxb3 Nd7 23. Ng2 Ra5 24. Re3 Nf6 25. Rb1 Qa7 26. Qb2 d5 27. Rb3 dxc4 28.
Rxb6 Rxa3 29. Rb7 Qa5 30. Ne3 c3 31. Qc1 Ra4 32. R7b3 Nd5 33. Ng4 e3 34. fxe3
Ra2 35. e4 c2 36. exd5 cxb1=Q 37. Rxb1 Qd2 38. Qxd2 Rxd2 39. d6 Rxd4 40. d7 Rd8
41. Ne5 Re4 42. Nxc6 Rxd7 43. Rb2 Rd6 44. Rc2 Kg7 45. Kf2 Rf6+ 46. Kg2 Rf5 47.
Rd2 h5 48. Rc2 g5 49. Rd2 h4 50. Rc2 Kg6 51. Rd2 f6 52. Rc2 h3+ 53. Kxh3 Rf2
54. g4 Re3# 0-1